000 00457nam a22001457a 4500
005 20251108172915.0
008 250721s9999 xx 000 0 ara d
082 1 4 _aط/372.8/تعل
245 1 0 _aتعلم مع طارق فصول السنة /
264 1 _aسورية :
_bدار ربيع للنشر،
650 1 7 _aتعليم قبل المدرسة
653 _aاطفال ما قبل المدرسة (0-5) سنوات
942 _2ddc
_cBK
999 _c91482
_d91482